|
|
|
|
| LEADER |
00646cam a2200217ua 4500 |
| 008 |
111102t2010||||||||||| 00 ||eng c |
| 041 |
0 |
|
|a eng
|
| 082 |
|
|
|a 541.2
|b SUR/P
|
| 245 |
0 |
0 |
|a Physics of atoms and molecules /
|
| 260 |
|
|
|a New Delhi:
|b Narosa,
|c 2010.
|
| 300 |
|
|
|a 300p..
|
| 362 |
1 |
|
|a 2010.
|
| 650 |
|
|
|a Chemistry
|
| 650 |
0 |
|
|a Theoretical chemistry
|
| 650 |
0 |
|
|a Models for atoms
|
| 650 |
0 |
|
|a X-ray spectra
|
| 650 |
0 |
|
|a Rotational spectroscopy
|
| 700 |
0 |
2 |
|a Suresh Chandra,
|
| 942 |
|
|
|c BK
|
| 999 |
|
|
|c 31178
|d 31178
|
| 952 |
|
|
|0 0
|1 0
|4 0
|6 541_200000000000000_SUR
|7 0
|9 33046
|a KUCL
|b KUCL
|d 2014-05-23
|l 0
|o 541.2 SUR/
|p 27649
|r 2014-05-23
|w 2014-05-23
|y BK
|